000 00623nam a2200253Ia 4500
003 OSt
005 20221007103818.0
006 a|||||r|||| 00| 0
007 ta
008 221006b |||||||| |||| 00| 0 eng d
024 _a14,119
037 _cTextual
040 _aLCO
_cLCO
_beng
041 _2eng
_aeng
082 _aZ2,98:1, L4
100 _aHargopal
245 0 _aIndian Draftsman
250 _a3rd
260 _aAllahabad
_bUniversity Book Agency India
_c1974
300 _a608
650 _aDRAFTSMAN
_9705571
942 _hZ2,98:1, L4
_cTEXL
999 _c1183682
_d1183682